Phương pháp bón phân đạm cho mía theo bảng so màu lá LCC (leaf color chart) trên đất phù sa huyện Cù Lao Dung, tỉnh Sóc Trăng : Luận văn tốt nghiệp thạc sĩ. Ngành trồng trọt

Nghiên cứu về mía, các giai đoạn sinh trưởng của mía

Na minha lista:
Detalhes bibliográficos
Autor principal: Phạm, Văn Hảo
Formato: Livro
Idioma:Undetermined
Publicado em: Cần Thơ Trường Đại học Cần Thơ 2012
Assuntos:
Tags: Adicionar Tag
Sem tags, seja o primeiro a adicionar uma tag!
Thư viện lưu trữ: Trung tâm Học liệu Trường Đại học Cần Thơ
LEADER 00981nam a2200217Ia 4500
001 CTU_177773
008 210402s9999 xx 000 0 und d
082 |a 633.61 
082 |b H108 
088 |a 60620110 
100 |a Phạm, Văn Hảo 
245 0 |a Phương pháp bón phân đạm cho mía theo bảng so màu lá LCC (leaf color chart) trên đất phù sa huyện Cù Lao Dung, tỉnh Sóc Trăng : 
245 0 |b Luận văn tốt nghiệp thạc sĩ. Ngành trồng trọt 
245 0 |c Phạm Văn Hảo ; Ngô Ngọc Hưng (Người hướng dẫn Khoa học 
260 |a Cần Thơ 
260 |b Trường Đại học Cần Thơ 
260 |c 2012 
520 |a Nghiên cứu về mía, các giai đoạn sinh trưởng của mía 
650 |a Sugarcane,Phân đạm,Cây mía,Nitrogen fertilizers 
904 |i Ngọc Huyền, Năm 
980 |a Trung tâm Học liệu Trường Đại học Cần Thơ